000 00428nam a22001817a 4500
003 koha_MIRAKIL
005 20231213065254.0
008 231213b |||||||| |||| 00| 0 ||| d
020 _b978-9-75995136-8
040 _aTR-IsEVY
_btur
_cTR-IsEVY
082 _a410 KAP/K
100 _aKAPLAN, MEHMET.
245 0 _aKÜLTÜR VE DİL.
260 _bDERGAH,
_c2008
300 _a[ ] p.
650 _aTürk Dili.
942 _2ddc
_cBK
999 _c825
_d825